1790 1425 1177 1849 1499 1870 1202 1974 1903 1285 1763 1188 1158 1257 1746 1363 1698 1696 1649 1901 1279 1496 1095 1401 1998 1512 1351 1383 1475 1488 1409 1757 1639 1983 1998 1436 1652 1759 1402 1747 1847 1160 1959 1708 1184 1654 1047 1701 1863 1975 1565 1136 1342 1966 1055 1144 1970 1099 1848 1362 1003 1626 1426 1738 1010 1148 1123 1793 1180 1210 1469 1136 1658 1367 1043 1538 1745 1098 1491 1459 1549 1075 1892 1136 1626 1306 1701 1533 1680 1864 1630 1771 1565 1545 1706 1556 1610 1926 1500 BCNSPRNW ULIB Ver.6.0+V

เปลี่ยนเป็นภาษาไทย

Change to English
 แสดงรายละเอียดบรรณานุกรม
  กลับหน้าหลัก

Brief Record : Get Marc (ISO 2709) : E-mail record : QR code < ปิดหน้าต่าง
LEADER : 00000nam 2200000uu 4500
001    13399112073
003     ULIB
008    110627s2552||||th 000 0 tha d
099    วจ.WY18.5^bช617ป
100 0  ชุติมา ชลประทิน
245 00 ปัจจัยที่สัมพันธ์กับผลการสอบความรู้ผู้ขอขึ้นทะเบียนเพื่อรับใบอนุญาตเป็นผู้ประกอบวิชาชีพการพยาบาลและการผดุงครรภ์ ชั้นหนึ่ง วิชาการพยาบาลมารดาและทารก และวิชาการผดุงครรภ์ของผู้สำเร็จการศึกษาจากวิทยาลัยพยาบาลบรมราชชนนี สวรรค์ประชารักษ์ นครสวรรค์/^cชุติมา ชลประทิน
260    นครสวรรค์ :^bวิทยาลัยพยาบาลบรมราชชนนี สวรรค์ประชารักษ์ นครสวรรค์,^c2552
300    99 หน้า
650  7 วิทยาลัยพยาบาลบรมราชชนนี สวรรค์ประชารักษ์ นครสวรรค์
650  7 วิชาชีพพยาบาล
945    ^p0^l0^i027802
995    ทศพร
999 ^a ใช้งานได้ทุกระบบ
รายการนี้ยังไม่มีแท็ก
คุณยังไม่ได้ล็อกอิน คุณสามารถมีกิจกรรมร่วมกับเว็บไซต์ได้ แต่ต้องล็อกอินก่อน ::
  ล็อกอิน

รายการสื่อสารสนเทศ

ลำดับที่ ประเภท เลขเรียก/บาร์โค้ด สถานที่ สถานะ
- ไม่พบข้อมูล -

รายการใกล้เคียง
    ผู้แต่ง [ชุติมา ชลประทิน]

    หัวเรื่อง [วิทยาลัยพยาบาลบรมราชชนนี สวรรค์ประชารักษ์ นครสวรรค์]
    หัวเรื่อง [วิชาชีพพยาบาล]

BibComment


ยังไม่เคยถูกคอมเมนท์

คอมเมนท์ทรัพยากรรายการนี้
  คอมเมนท์: ปัจจัยที่สัมพันธ์..


 Copyright 2026. Bcnsprnw @Library